000 00513nam a22001817a 4500
005 20171010151827.0
010 _aENG-120786
020 _a9789386191182
_c450.00
035 _aEN-104318
037 _bDBAD/PUB
082 _aN
100 _aLokendra Singh
245 _aAjey!:
_cby Lokendra singh
_bthe invincible/
260 _aNew Delhi
_bLifi Publications
_c2017
270 _a211,2nd floor, Gagandeep12, Rajendra Place
_bNew Delhi
_e110008
300 _avi,250p
_c20cm (Hb)
942 _2ddc
_cEN
_hN
_mLOK
999 _c146417
_d146417